000 00301nam a22001337a 4500
008 171019b xxu||||| |||| 00| 0 eng d
020 _a0137115326
041 _aeng
080 _22ND
_a338
100 _a53
101 _aMEN
245 _aPROACTIVE POLICE MANAGEMENT
_cTHIBAULT,E.A
942 _2udc
_cBK
999 _c34915
_d34915